|
|
|
|
| LEADER |
00000nam0a2200000 4500 |
| 001 |
350395 |
| 005 |
20231102010310.0 |
| 035 |
|
|
|a (RuTPU)RU\TPU\retro\4468
|
| 035 |
|
|
|a RU\TPU\book\106810
|
| 090 |
|
|
|a 350395
|
| 100 |
|
|
|a 20190130d1987 km y0rusy50 ca
|
| 101 |
0 |
|
|a fre
|
| 102 |
|
|
|a RU
|
| 105 |
|
|
|a a z 000zy
|
| 200 |
1 |
|
|a Русское прикладное искусство XII - начала XX века
|d Les Arts appliques russes XII - debut du XXe siecle Musee historique Moscou
|e [альбом]
|
| 210 |
|
|
|a Ленинград
|c Аврора
|d 1987
|
| 215 |
|
|
|a 164 с.
|c ил., цв. ил.
|
| 300 |
|
|
|a На французском языке.
|
| 510 |
1 |
|
|a Les Arts appliqués russes XII - début du XXe siècle Musée historique Moscou
|z fre
|
| 601 |
0 |
2 |
|a Государственный исторический музей (ГИМ)
|c (Москва)
|2 stltpush
|3 (RuTPU)RU\TPU\col\441
|
| 606 |
1 |
|
|a Прикладное искусство
|2 stltpush
|3 (RuTPU)RU\TPU\subj\51674
|9 70246
|
| 610 |
1 |
|
|a Россия
|
| 610 |
1 |
|
|a 13 век
|
| 610 |
1 |
|
|a 14 век
|
| 610 |
1 |
|
|a 15 век
|
| 610 |
1 |
|
|a 16 век
|
| 610 |
1 |
|
|a 17 век
|
| 610 |
1 |
|
|a 18 век
|
| 610 |
1 |
|
|a 19 век
|
| 610 |
1 |
|
|a 20 век
|
| 610 |
1 |
|
|a искусство
|
| 610 |
1 |
|
|a прикладное искусство
|
| 610 |
1 |
|
|a музейные собрания
|
| 610 |
1 |
|
|a музеи
|
| 610 |
1 |
|
|a альбомы
|
| 610 |
1 |
|
|a 12 век
|
| 675 |
|
|
|a 745(084)
|v 3
|
| 801 |
|
1 |
|a RU
|b 63413507
|c 20060706
|g PSBO
|
| 801 |
|
2 |
|a RU
|b 63413507
|c 20220125
|g PSBO
|
| 942 |
|
|
|c BK
|